=LDR 00000nam 2200000 4500 =001 NUTBA000000000003607 =005 20140822105420.0 =006 =007 =008 =020 ##$$a 978-979-29-1349-1 =035 ##$$a 0010-081400000000452 =040 ##$$a NBPDMAT =082 ##$$a 372.7 =090 ##$$a 372.7 $b Par p =100 ##$$a Pardiyono =245 ##$$a Prestasi bisa matematika pasti lulus UASBN untuk SD kelas vi / $c Pardiyono =250 ##$$a Ed.1 =260 ##$$a Yogyakarta : $b Andi, $c 2010 =300 ##$$a xii, 180 hlm. ; $c 23 cm. =650 ##$$a Matematika - SD =850 ##$$a NBPDMAT =990 ##$$a 21407782